000 00624nam a2200181 a 4500
001 000035857
005 20200930074653.0
008 111115s1995 dr r 000 0 spa d
040 _aDO-SdBNP
_bspa
_cBNPHU
082 _axxx
_bP979a
100 1 _aPuig, Max
_q(Maximiliano Rabelais Puig Miller)
_961837
245 1 0 _aAPD :
_bun pueblo que necesita y merece y otra cosa /
_cMax Puig.
260 _aSanto Domingo :
_bAPD,
_c1995.
300 _a40 p. ;
_c23 cm.
500 _aTalleres Víctor Frías 2 de agosto de 1995
590 _aInventariado, 2019/VM
710 _aAsociación por la Democracia (República Dominicana)
_961838
999 _c35348
_d35348